Environment-dependent use of mate choice cues in sticklebacks /
Guardado en:
| Otros Autores: | , , , |
|---|---|
| Formato: | Artículo |
| Lenguaje: | English |
| Materias: | |
| Etiquetas: |
Agregar Etiqueta
Sin Etiquetas, Sea el primero en etiquetar este registro!
|
| Thư viện lưu trữ: | Thư viện Trường Đại học Đà Lạt |
|---|
| LEADER | 00995nam a2200337 4500 | ||
|---|---|---|---|
| 001 | DLU110117014 | ||
| 005 | ##20101221 | ||
| 040 | # | # | |a DLU |b eng |
| 041 | # | # | |a eng |
| 044 | # | # | |a uk |
| 245 | # | # | |a Environment-dependent use of mate choice cues in sticklebacks / |c Jan Heuschele ... [et al.]. |
| 653 | # | # | |a Environmental change |
| 653 | # | # | |a Eutrophication |
| 653 | # | # | |a Gasterosteus aculeatus |
| 653 | # | # | |a Mate preference |
| 653 | # | # | |a Multiple cues |
| 653 | # | # | |a Sexual selection |
| 700 | # | # | |a Candolin, Ulrika. |
| 700 | # | # | |a Gienapp, Phillip. |
| 700 | # | # | |a Heuschele, Jan. |
| 700 | # | # | |a Mannerla, Miia. |
| 773 | # | # | |t Behavioral ecology |g Vol. 20, no. 6 (November-December 2009), p. 1223-1227 |
| 920 | # | # | |a Phòng Tạp chí -- Trung tâm Thông tin - Thư viện Trường Đại học Đà Lạt |
| 994 | # | # | |a DLU |
| 900 | # | # | |a True |
| 911 | # | # | |a Trương Bảo Trâm Anh |
| 925 | # | # | |a G |
| 926 | # | # | |a A |
| 927 | # | # | |a BB |
| 980 | # | # | |a Thư viện Trường Đại học Đà Lạt |